Statistics for Formula 1 2021: Driver Grid

Click here to take the quiz!

General Stats

  • This quiz has been taken 120 times
  • The average score is 19 of 20

Answer Stats

TeamDriver% Correct
MercedesLewis Hamilton
99%
FerrariCarlos Sainz
98%
FerrariCharles Leclerc
98%
Red BullMax Verstappen
98%
MclarenLando Norris
97%
MercedesValtteri Bottas
97%
Aston MartinSebastian Vettel
96%
Red BullSergio Perez
95%
AlphaTauriPierre Gasly
94%
AlpineFernando Alonso
93%
Aston MartinLance Stroll
93%
MclarenDaniel Ricciardo
92%
AlpineEsteban Ocon
92%
HaasMick Schumacher
92%
WilliamsGeorge Russell
90%
HaasNikita Mazepin
88%
AlphaTauriYuki Tsunoda
88%
WilliamsNicholas Latifi
87%
Alfa RomeoAntonio Giovinazzi
84%
Alfa RomeoKimi Raikkonen
84%

Score Distribution

Percentile by Number Answered

Percent of People with Each Score

Your Score History

You have not taken this quiz